| 000 | 00436nam a22001337a 4500 | ||
|---|---|---|---|
| 020 | _a2914610289 | ||
| 040 | _cDLC | ||
| 082 | _a 334 SON 2007 C283 Or. | ||
| 100 | _aSouleymane Soulama | ||
| 245 | _aMicro-finance, pauvreté et développement | ||
| 260 |
_bÉditions des archives contemporaines : Agence universitaire de la francophonie, Paris, impr. _c2007 |
||
| 300 |
_a1 vol. (165 p.) : _btableaux, graph. ; _c24 cm |
||
| 942 | _cAEDBB | ||
| 999 |
_c22450 _d22450 |
||